A kis- és középvállalkozások finanszírozása Magyarországon – Európai Uniós és állami támogatások segítségével

Bibliographic Details
Main Author: Bátonyi Szilvia
Other Authors: Tasi Péter
Format: Thesis
Kulcsszavak:KKV
Finanszírozás
EU- támogatások
Online Access:http://dolgozattar.uni-bge.hu/11114

MARC

LEADER 00000nta a2200000 i 4500
001 dolg11114
005 20170511151852.0
008 170511suuuu hu om 000 hun d
040 |a BGE Dolgozattár Repozitórium  |b hun 
041 |a hu 
100 1 |a Bátonyi Szilvia 
245 1 2 |a A kis- és középvállalkozások finanszírozása Magyarországon – Európai Uniós és állami támogatások segítségével  |c Bátonyi Szilvia  |h [elektronikus dokumentum] 
695 |a KKV 
695 |a Finanszírozás 
695 |a EU- támogatások 
700 1 |a Tasi Péter  |e ths 
856 4 0 |u http://dolgozattar.uni-bge.hu/11114/1/FELT%C3%96LTHET%C5%90.pdf  |z Dokumentum-elérés 
856 4 0 |u http://dolgozattar.uni-bge.hu/11114/2/titkos%C3%ADt%C3%A1si0001.pdf  |z Dokumentum-elérés